Normal view MARC view

Entry Personal Name

Number of records used in: 1

001 - CONTROL NUMBER

  • control field: 40241

003 - CONTROL NUMBER IDENTIFIER

  • control field: OSt

005 - DATE AND TIME OF LATEST TRANSACTION

  • control field: 20230905144429.0

008 - FIXED-LENGTH DATA ELEMENTS

  • fixed length control field: 230905|| aca||aabn | a|a d

040 ## - CATALOGING SOURCE

  • Original cataloging agency: OSt
  • Transcribing agency: OSt

100 ## - HEADING--PERSONAL NAME

  • Personal name: Bhattacharyya, S.S., Sahay, A. and Sahay, A.

670 ## - SOURCE DATA FOUND

  • Source citation: Work cat.: (OSt)522639: Bhattacharyya, S.S., Sahay, A. and Sahay, A. , The quest for competitive advantage: The role of technology depth and breadth at the customer interface

Powered by Koha